Masakan tradisi Melayu Johor

Bibliographic Details
Main Author: Noraini Margono (Author)
Format: Book
Language:Malay
Published: Kuala Lumpur : Utusan Publications & Distributors 2009
Subjects:

MARC

LEADER 00000cam a2200000 7i4500
001 0000027666
005 20241119.0
008 171030 my a may
020 |a 9789676122148 
040 |a INS   |b eng   |e rda 
090 0 0 |a TX724.5.M4   |b N673 
100 0 |a Noraini Margono ,   |e author 
245 1 0 |a Masakan tradisi Melayu Johor   |c Noraini Margono 
264 1 |a Kuala Lumpur :   |b Utusan Publications & Distributors   |c 2009 
300 |a 134 pages :   |b illustrations, colour photographs ;   |c 30 cm. 
336 |a text  |2 rdacontent 
337 |a unmediated  |2 rdamedia 
338 |a volume  |2 rdacarrier 
650 0 |a Cookery   |z Johor 
650 0 |a Cookery   |z Malaysian 
650 0 |a Recipes   |z Johor 
999 |a 1000003128   |b BOOK   |c Open Shelf   |e Default branch